|
|
|
|
| LEADER |
00000nam0a2200000 4500 |
| 001 |
135285 |
| 005 |
20231031140020.0 |
| 035 |
|
|
|a (RuTPU)RU\TPU\book\146621
|
| 035 |
|
|
|a RU\TPU\book\35642
|
| 090 |
|
|
|a 135285
|
| 100 |
|
|
|a 20080409d1961 m y0rusy50 ca
|
| 101 |
0 |
|
|a rus
|
| 102 |
|
|
|a RU
|
| 105 |
|
|
|a a j 001zy
|
| 200 |
1 |
|
|a Подземная гидравлика
|e учебное пособие
|f Г. Б. Пыхачев
|
| 210 |
|
|
|a Москва
|c Недра
|d 1961
|
| 215 |
|
|
|a 387 с.
|c ил.
|
| 320 |
|
|
|a Библиогр.: с. 377-383.
|
| 610 |
1 |
|
|a геология
|
| 610 |
1 |
|
|a фильтрация
|
| 610 |
1 |
|
|a теория
|
| 610 |
1 |
|
|a пласты
|
| 610 |
1 |
|
|a уравнения
|
| 610 |
1 |
|
|a газы
|
| 610 |
1 |
|
|a газоконденсатные залежи
|
| 610 |
1 |
|
|a жидкости
|
| 610 |
1 |
|
|a учебные пособия
|
| 675 |
|
|
|a 622.323.276(075.8)
|v 3
|
| 675 |
|
|
|a 556.34(075.8)
|v 3
|
| 700 |
|
1 |
|a Пыхачев
|b Г. Б.
|g Георгий Борисович
|
| 801 |
|
0 |
|a RU
|b 63413507
|c 20011210
|g PSBO
|
| 801 |
|
2 |
|a RU
|b 63413507
|c 20160620
|g PSBO
|
| 900 |
|
|
|a Подземная гидродинамика
|
| 900 |
|
|
|a Подземная гидравлика
|
| 900 |
|
|
|a Подземная гидромеханика
|
| 942 |
|
|
|c BK
|